Theory and practice of counseling and psychotherapy

Includes bibliographical references and indexes; Neal A. Newfield, Ph.D., LICSW (Giver)

সংরক্ষণ করুন:
গ্রন্থ-পঞ্জীর বিবরন
প্রধান লেখক: Corey, Gerald
বিন্যাস: গ্রন্থ
ভাষা:Undetermined
প্রকাশিত: Australia Thomson/Brooks/Cole 2009
বিষয়গুলি:
অনলাইন ব্যবহার করুন:http://lrc.tdmu.edu.vn/opac/search/detail.asp?aID=2&ID=31990
ট্যাগগুলো: ট্যাগ যুক্ত করুন
কোনো ট্যাগ নেই, প্রথমজন হিসাবে ট্যাগ করুন!
Thư viện lưu trữ: Trung tâm Học liệu Trường Đại học Thủ Dầu Một
LEADER 00745nam a2200205Ia 4500
001 TDMU_31990
008 210410s9999 xx 000 0 und d
082 |a 155.67 
090 |b C434 
100 |a Corey, Gerald 
245 0 |a Theory and practice of counseling and psychotherapy 
245 0 |c Gerald Corey 
260 |a Australia 
260 |b Thomson/Brooks/Cole 
260 |c 2009 
300 |a xix, 519 p. 
520 |a Includes bibliographical references and indexes; Neal A. Newfield, Ph.D., LICSW (Giver)  |d 2017 
650 |a Counseling; Psychotherapy; Tư vấn; Tâm lý trị liệu 
856 |u http://lrc.tdmu.edu.vn/opac/search/detail.asp?aID=2&ID=31990 
980 |a Trung tâm Học liệu Trường Đại học Thủ Dầu Một